• 首页
  • 本馆介绍
  • 公告通知
  • 最新文献
  • 馆藏检索
  • 电子资源
  • 读者导购
  • 参考咨询
  • 我的图书馆
  • 登录
  • 详细信息显示
  • 放入我的书架
  • 预约/预借图书
  • 作者相关作品
  • 分类相关作品
  • 丛书相关作品
  • 出版社相关作品

书目信息

  • 表格格式
  • 工作单格式
  • 卡片格式
题名:
哲学原理研究
    
 
作者: ;全国二十五所高等院校《哲学原理研究》编写组 编
分册:  
出版信息: 福州   福建人民出版社  1984
页数: 449页
开本: 21cm
丛书名:
单 册:
中图分类: B0
科图分类:
主题词: 哲学理论
电子资源:
ISBN:
000 00730nam0 2200229 45
001 0184010304
005 20050525113550.4
010    @dCNY1.80
091    @a2173.31
100    @a19950619d1984 kemy0chiy0121 ea
101 0  @achi
102    @aCN@b350000
105    @ay z 000yy
200 10 @a哲学原理研究@Azhe xue yuan li yan jiu@f全国二十五所高等院校《哲学原理研究》编写组编@FQuan Guo Er Shi Wu Suo Gao Deng Yuan Xiao《Zhe Xue Yuan LiYan Jiu》BianXie Zu Bian
210    @a福州@c福建人民出版社@d1984
215    @a449页@d21cm
606    @a哲学理论
690    @aB0@v3
711 02 @a全国二十五所高等院校《哲学原理研究》编写组@4编
801  0 @aCN@b上海图书馆@c20040508
801  2 @aCN@bNLC@c20040508
905    @dB0@e61@f1@b129142
    
    哲学原理研究/全国二十五所高等院校《哲学原理研究》编写组编.-福州:福建人民出版社,1984
    449页;21cm
    
    
    ISBN :CNY1.80
    
●
相关链接 在E读中查询图书 在五车中查询图书 在当当中查询图书 在豆瓣中查询图书


正题名:哲学原理研究     索取号:B0/61         预约/预借

序号 登录号 条形码 馆藏地/架位号 状态 备注
1 0129139   001130449   密集书库/ [索取号:B0/61] 在馆    
2 0129140   001130458   密集书库/ [索取号:B0/61] 在馆    
3 0129141   001130430   密集书库/ [索取号:B0/61] 在馆    
4 0129142   202116094   第一样本阅览室/ [索取号:B0/61] 在馆    
唐山师范学院图书馆 欢迎您!
大连网信软件有限公司© 版权所有